| 000 | 01243nam a22003017a 4500 | ||
|---|---|---|---|
| 999 |
_c113097 _d113097 |
||
| 003 | dpl | ||
| 005 | 20190606120528.0 | ||
| 008 | 181212b ||||| |||| 00| 0 eng d | ||
| 010 | _aA-964665 | ||
| 020 |
_c175.00 _a8173152535 |
||
| 035 | _aA-964665, A-964691 | ||
| 035 | _aB-78262 | ||
| 037 | _bCen Lib/Ret | ||
| 040 |
_aDPL _bHN _cdpl |
||
| 082 |
_a822 _bवर्मावृ |
||
| 100 |
_aवर्मा, वृन्दालाल _950616 |
||
| 245 |
_aमंगल सूत्र : _cवृन्दालाल वर्मा _bखिलोने के खोज / |
||
| 246 |
_aMangal sootr : khilone ki khoj / _bby Vrindala Verma |
||
| 260 |
_bप्रभात प्रकाशन _c1998 _aदिल्ली |
||
| 270 |
_bदिल्ली _a४/११, असफ अली रोड _e110002 |
||
| 300 |
_a178पृ. _c21सेमी(सजिल्द ) |
||
| 490 | _aवृन्दालाल वर्मा ग्रंथमाला | ||
| 650 |
_aहिंदी साहित्य _x _z _950617 |
||
| 650 |
_aहिंदी नाटक _950618 |
||
| 650 |
_aHindi literature _950619 |
||
| 650 |
_a Hindi drama _950620 |
||
| 942 |
_2ddc _cHN _h822 _mवर्मावृ |
||